000 00909nab a2200265uu 4500
001 02686
003 HDC
007 cr aa aaaau
008 201217p2006 us ||||| |||| 00| 0 eng d
040 _aHDC
100 _aHeslop, Louise A.
_eauthor
_9340
245 0 _aIf we label it, will they care? The effect of GM-ingredient labelling on consumer responses /
_cLouise A. Heslop
260 _aNew York :
_bSpringer Pub.,
_c2006
300 _a1 online resource (27 pages)
336 _atext
_2rdacontent
337 _acomputer
_2rdamedia
338 _aonline resource
_2rdacarrier
650 _aBiotechnology
_9343
650 _aConsumer choice
_9342
650 _aLabelling
_9341
856 _zRequest full-text at [email protected]
942 _2lcc
942 _cAR
942 _kJART 001006
999 _c73
_d73